[Event "27th Kavala Open 2018"]
[Site "Kavala"]
[Date "2018.08.08"]
[Round "5"]
[White "Sandalakis, Angelos"]
[Black "Trimitzios, Petros"]
[Result "0-1"]
[WhiteElo "2444"]
[BlackElo "2301"]
[Annotator "TA"]
[PlyCount "150"]
[EventDate "2018.08.06"]
[EventType "swiss"]
[EventCountry "GRE"]
[SourceTitle "playchess.com"]
[Source "ChessBase"]
[SourceQuality "1"]

{[%evp 11,150,40,61,0,0,0,6,-3,37,0,0,8,25,0,0,0,0,-5,-10,-54,-18,-23,-16,-31,-15,-81,-15,-17,0,0,-4,-51,-25,-33,52,-18,-12,-28,0,-70,-72,-85,-85,-87,-85,-88,-89,-91,-90,-96,-80,-89,-89,-85,-88,-90,-49,-48,-49,-59,-50,-50,-28,-43,-25,-53,-36,-27,-25,-39,-20,-40,-23,-29,0,-36,-18,-59,-21,-23,-21,-26,-6,-6,-6,-8,0,0,0,0,0,0,0,0,-4,-11,0,0,29,33,31,33,33,36,36,31,22,28,32,29,25,27,46,0,0,0,0,-839,-839,-839,-827,-731,-672,-765,-673,-1354,-1354,-1354,-1354,-1189,-1080,-29971,-29972,-29967,-12355,-29978,-29979,-29987,-29988,-29988,-29984]} 1. e4 e5 2. Nf3 Nc6 3. Bb5 Nge7 4. c3 g6 5. d4 exd4 6. cxd4 a6 {LiveBook: 24 Games. C60: Ruy Lopez: Unusual Black 3rd moves and 3...g6} (6... Bg7 7. d5 a6 8. Be2 Ne5 9. Nxe5 Bxe5 10. Nc3 d6 11. O-O c5 12. dxc6 bxc6 13. Bh6 d5 14. Qd3 {1-0 (33) Praggnanandhaa,R (2529)-Moroni,L (2549) Ortisei 2018}) 7. Be2 $146 ({White should try} 7. Bc4 $14) ({Predecessor:} 7. Ba4 b5 8. Bb3 Bg7 9. d5 Na5 10. Bd2 Nxb3 11. axb3 O-O 12. Bc3 f5 13. Bxg7 Kxg7 14. Nc3 {½-½ (61) Polzin,R (2396)-Breutigam,M (2383) Germany 2017}) 7... d5 $11 8. exd5 Nxd5 {The position is equal.} 9. Nc3 Bb4 10. Bd2 O-O 11. O-O Be6 12. a3 Be7 13. Bh6 Re8 14. Ne4 Nf6 15. Ng3 Bd5 16. Rc1 Bf8 17. Bf4 Ne4 18. Ne5 (18. Bc4 $11 {remains equal.}) 18... Nxg3 ({Black should play} 18... Qf6 $17 19. f3 Qxf4 20. fxe4 Qe3+ 21. Kh1 Bb3) 19. hxg3 Bg7 {[%cal Rc6e5]} 20. Nxc6 Bxc6 21. Be3 Qd6 22. Bc4 Bb5 ({Better is} 22... Be4 $15) 23. Qb3 (23. Bf4 $1 $14 Qxd4 24. Bxb5 axb5 25. Rxc7) 23... Bxc4 24. Rxc4 Qd5 (24... b5 $5 {[%cal Rb5c4]} 25. Rc5 Bxd4 26. Bxd4 Qxd4 27. Rxc7 Qf6 $11) 25. Qc2 (25. Rb4 $11 Qxb3 26. Rxb3) 25... c6 $15 26. Rd1 Rad8 27. Rc5 Qe4 {[%cal Rg7d4]} 28. Qxe4 Rxe4 29. Rc4 Rd5 30. b4 Bf8 31. Rd3 f5 32. f3 Re6 33. Kf2 Bd6 34. Bf4 Be7 35. Re3 Rxe3 36. Kxe3 {[%mdl 4096] Endgame KRB-KRB} Bf6 37. Kd3 Kf7 38. Be3 Ke6 39. Rc1 h5 40. Kc4 Kf7 41. Bf2 Rd7 42. Re1 Rd5 43. a4 Be7 44. Rb1 Ke6 45. Be3 Bf6 46. Rd1 b5+ 47. axb5 axb5+ 48. Kd3 Be7 49. Re1 Kd7 50. Kc3 Bf6 51. Ra1 Ke6 52. Kd3 Rd7 53. Rc1 Rc7 54. Rc5 Kd7 55. d5 cxd5 $1 56. Rxd5+ Ke6 57. Rxb5 Rc3+ 58. Kd2 Rb3 59. Rb6+ Kf7 60. Rb7+ Ke6 61. b5 Rb2+ 62. Kd1 (62. Kc1 $5 {[%cal Rb7b6]} Re2 63. Rb6+ Kf7 64. Bd2 $14) 62... Rxg2 63. Rb6+ Kf7 64. Rxf6+ $2 {[%mdl 8192] [#]} (64. Ra6 $11) 64... Kxf6 $11 {KR-KB} 65. b6 Ke6 66. Bf4 Rb2 67. Bc7 Kd7 68. Ke1 g5 69. Kf1 g4 70. fxg4 fxg4 71. Kg1 Kc6 72. Kf1 Kd5 73. Kg1 Ke4 {Black mates.} 74. Kh1 Kf3 75. Kg1 {[#]} h4 $1 {Precision: White = 48%, Black = 55%.} 0-1

[Event "27th Kavala Open 2018"]
[Site "Kavala"]
[Date "2018.08.08"]
[Round "5"]
[White "Kourkoulos Arditis, Stamatis"]
[Black "Giannoulakis, Lampros"]
[Result "1/2-1/2"]
[WhiteElo "2433"]
[BlackElo "2287"]
[Annotator "TA"]
[PlyCount "82"]
[EventDate "2018.08.06"]
[EventType "swiss"]
[EventCountry "GRE"]
[SourceTitle "playchess.com"]
[Source "ChessBase"]
[SourceQuality "1"]

{[%evp 17,82,20,24,17,16,17,25,16,22,0,0,-95,-88,-118,-115,-126,-134,-180,-169,-218,-203,-209,-238,-209,-182,-235,-242,-335,-300,-285,-206,-203,-143,-148,-149,-150,-139,-173,-149,-167,-108,-106,-106,-91,-95,-124,-86,-80,-88,-289,-235,-366,-362,-356,-368,-377,-343,-306,-187,-180,-179,-190,-190,-197,-197,-238,-147]} 1. d4 Nf6 2. c4 g6 3. Nf3 Bg7 4. g3 O-O 5. Bg2 d6 6. O-O Nc6 7. Nc3 a6 8. Bf4 Rb8 {E63: King's Indian: Fianchetto: Panno Variation with 7...a6} 9. Rc1 b5 {LiveBook: 44 Games} (9... h6 10. d5 e5 11. Bd2 Ne7 12. e4 Nd7 13. Ne1 f5 14. Nd3 Nf6 15. f4 Nxe4 16. Nxe4 fxe4 17. Bxe4 exf4 18. Nxf4 {½-½ (56) Tregubov,P (2575)-Amin,B (2689) Riadh 2017}) 10. d5 e5 {The position is equal.} 11. dxe6 Bxe6 $146 ({Predecessor:} 11... fxe6 12. c5 e5 13. Bg5 dxc5 14. Qxd8 Rxd8 15. Bxf6 Bxf6 16. Ne4 Be7 17. Nxc5 Nd4 18. Rfe1 Nxf3+ 19. Bxf3 Rd2 20. b4 Rxa2 21. Bd5+ {1-0 (21) Kveinys,A (2509)-Weber,B (2085) Bad Wiessee 2016}) 12. Ng5 Bd7 13. c5 dxc5 14. Nd5 (14. b3 $11 {remains equal.}) 14... Nxd5 $17 15. Qxd5 Nd4 ({Stronger than} 15... Bxb2 16. Rxc5 h6 17. Ne4 $16) 16. Rfe1 {[#]} c4 $1 17. Qc5 h6 $36 {[%mdl 2048] White is under strong pressure.} 18. Ne4 Ne6 19. Qa3 Nxf4 20. gxf4 Rb6 21. Qb4 (21. Rcd1 $142) 21... Bc6 $19 22. Ng3 Bxg2 23. Kxg2 Qd4 24. b3 c3 25. Qxd4 Bxd4 26. Red1 Bg7 27. Rd5 Rd6 28. Rc5 {[#]} Rd2 (28... b4 $1 $19 29. e3 Rd2) 29. Ne4 $17 Rxa2 {...b4 is the strong threat.} 30. Nxc3 Rb2 31. Nd5 Rxb3 32. Nxc7 Ra3 {Strongly threatening ...b4.} 33. Rc6 $2 (33. Nd5 $17) 33... b4 $19 34. Nxa6 (34. e4 $142) 34... b3 35. R1c4 b2 36. Rb4 Ra1 37. Rcb6 Bc3 38. Rb3 {Black is clearly better.} Rc8 {aiming for ...Bg7.} 39. Nb8 Bd4 40. R6b4 Rcc1 41. Rxd4 b1=Q {Precision: White = 51%, Black = 80%.} 1/2-1/2

[Event "27th Kavala Open 2018"]
[Site "Kavala"]
[Date "2018.08.08"]
[Round "5"]
[White "Danielian, Elina"]
[Black "Alexakis, Dimitris"]
[Result "1-0"]
[WhiteElo "2419"]
[BlackElo "2266"]
[Annotator "TA"]
[PlyCount "73"]
[EventDate "2018.08.06"]
[EventType "swiss"]
[EventCountry "GRE"]
[SourceTitle "playchess.com"]
[Source "ChessBase"]
[SourceQuality "1"]

{[%evp 23,73,47,69,54,64,64,71,59,85,58,97,58,64,32,41,21,27,23,21,20,21,16,18,0,14,0,85,91,151,177,157,119,500,375,458,429,29973,29966,3095,887,834,750,572,558,540,540,527,519,511,488,470,448]} 1. d4 Nf6 2. Nf3 e6 3. e3 c5 4. Bd3 Nc6 5. O-O d5 6. c4 cxd4 7. exd4 Be7 8. cxd5 Nxd5 9. Nc3 O-O 10. Re1 Re8 11. a3 g6 12. Bh6 Bf6 {LiveBook: 3 Partien. D42: Damengambit (Verbesserte Tarrasch-Verteidigung)} 13. Ne4 (13. Bb5 Nxc3 14. bxc3 Bd7 15. Rb1 Rc8 16. Qd2 Ne7 17. Bd3 Qa5 18. Ne5 Bxe5 19. dxe5 Qxc3 20. Rxb7 Qxd2 21. Bxd2 {0-1 (30) Ulko,J (2442)-Nesterov,A (2317) Voronezh 2018}) 13... Bg7 14. Qd2 Na5 $146 {Weiß steht etwas besser.} ({Vorgänger:} 14... Nb6 15. Bb5 Qd5 16. Rad1 Rf8 17. Bxc6 bxc6 18. Qb4 Qb5 19. Nf6+ Kh8 {1-0 (28) Farkas-Soreghy,J corr 1983}) 15. Bxg7 Kxg7 16. Rad1 b6 17. h4 {[%cal Bh2h4,Bh4h5][%mdl 32]} Bb7 18. h5 Rc8 19. b4 Nc4 20. Bxc4 Rxc4 21. Ne5 $36 {[%mdl 2048] Weiss kämpft um Vorteil.} Rc7 22. Rc1 {Und Sg4 würde nun gewinnen.} Rxc1 23. Rxc1 Qe7 24. Nc3 f6 (24... gxh5 $11 25. Nxd5 Bxd5) 25. Nxd5 Bxd5 (25... exd5 $142 26. Ng4 g5) 26. Ng4 $16 g5 27. Rc3 {[#] Droht Dc2 und aus.} Qf7 $2 {[%mdl 8192]} (27... f5 $16 {leistet mehr Widerstand.} 28. Ne5 h6) 28. h6+ Kf8 29. Qc2 b5 (29... Rd8 $18 30. Rc7 Rd7 31. Rxd7 Qxd7 32. Nxf6 Qd8 33. Nxh7+ Kf7) 30. Rc7 Re7 31. Rc8+ (31. Qc5 $142 Qe8 32. Nxf6) 31... Re8 $18 32. Qc5+ Qe7 33. Qxe7+ Kxe7 34. Rxe8+ Kxe8 35. Nxf6+ Kf7 36. Nxh7 Kg6 {[#]} 37. Nxg5 $1 {[%mdl 512] Precision: Weiß = 63%, Schwarz = 37%.} 1-0

[Event "27th Kavala Open 2018"]
[Site "Kavala"]
[Date "2018.08.08"]
[Round "5"]
[White "Prince, Bajaj"]
[Black "Isaakidis, Alexandros"]
[Result "1-0"]
[WhiteElo "2411"]
[BlackElo "2137"]
[Annotator "TA"]
[PlyCount "134"]
[EventDate "2018.08.06"]
[EventType "swiss"]
[EventCountry "GRE"]
[SourceTitle "playchess.com"]
[Source "ChessBase"]
[SourceQuality "1"]

{[%evp 22,134,54,45,56,35,34,25,20,35,30,14,39,29,10,28,37,0,0,0,28,0,4,0,0,0,0,-33,-34,-35,0,-18,0,0,0,0,0,0,0,0,0,0,27,17,27,25,15,0,0,0,5,-20,-21,-21,-23,-27,-34,-68,0,0,0,-49,-59,-43,-41,-76,-76,-185,-191,-198,-198,-197,-134,-134,-134,-252,-128,-287,-167,-271,-271,-314,-271,-271,-271,-417,-401,-377,-335,-562,-498,-673,-539,-679,-608,-679,-679,-12073,-5624,-29954,-12849,-29980,-29981,-29982,-29983,-29989,-29980,-29988,-29989,-29989,-29990,-29990,-29983,-29982,-29983]} 1. e4 e5 2. Nf3 Nc6 3. Bb5 a6 4. Ba4 Nf6 5. O-O Nxe4 6. d4 Be7 7. Re1 b5 8. Rxe4 {C84: Closed Ruy Lopez: Unusual White 6th moves} d5 9. Nxe5 Nxe5 10. Rxe5 bxa4 11. Nc3 {[%cal Bb1c3,Bc3a4,Ba4b2,Bb2d3][%mdl 32]} (11. b3 Be6 12. Ba3 Bxa3 13. Nxa3 O-O 14. Nb1 Qd6 15. Nc3 axb3 16. axb3 {½-½ (43) Saric,I (2689)-Kapnisis,S (2456) Rio Achaea 2018}) 11... O-O 12. Rxd5 {LiveBook: 5 Games} Bd6 13. Bf4 (13. Bg5 {feels hotter.} Qe8 14. Ra5 Rb8 15. b3 Bb7 16. Nxa4 f5 17. Be3) 13... Be6 $146 ({Predecessor:} 13... a3 14. b3 Be6 15. Re5 Bxe5 16. Bxe5 {½-½ (33) Wessman,R (2435)-Ingbrandt,J (2345) Sweden 1994}) 14. Rxd6 cxd6 15. Nxa4 Re8 16. b3 Bd7 17. Nb2 Qf6 18. Be3 Qg6 19. Nd3 Bf5 $1 $36 {[%mdl 2048] Black has some pressure.} 20. Ne1 d5 21. Rc1 Rab8 22. Qd2 Rb7 23. Nd3 Bxd3 24. Qxd3 (24. cxd3 {is interesting.} Rb6 25. h3 Qf5 26. Rc5 Rf6 27. Qe2) 24... Qxd3 25. cxd3 $11 {[%mdl 4096] Endgame KRR-KRB} Kf8 (25... Rb4 {keeps more tension.} 26. Kf1 a5 27. Rc5 a4 28. Rxd5 axb3 29. axb3 Rxb3 30. Ke2 f6) 26. g3 Re6 27. Kg2 Ke7 28. Rc5 Rd6 29. h4 Ke6 30. Kf3 Rb5 31. Rc7 Rdb6 32. Bd2 Rd6 33. Bf4 Rdb6 34. Rc8 Ra5 35. Rc2 {[#] And now Bc7 would win.} Rab5 36. Bc7 Rb7 37. Be5 f6 38. Bf4 Kd7 39. h5 R5b6 ({Black should play} 39... a5 $15) 40. Rc5 Rb5 41. g4 Rxc5 42. dxc5 $15 {KR-KB} Kc6 43. d4 Re7 44. Be3 (44. g5 $17) 44... Re4 $19 45. Kg3 g6 46. hxg6 hxg6 47. Kf3 Kb5 48. a3 (48. Kg3 $17 {was the only chance.}) 48... Kc6 (48... f5 $19 49. gxf5 gxf5) 49. a4 $2 {[#]} (49. b4 $17) 49... a5 (49... f5 $142 50. gxf5 gxf5) 50. Ke2 (50. g5 {might work better.} f5 51. Bd2) 50... Rxg4 51. Kd3 {Now Bd2 and White clings on.} Kb7 52. Bd2 Ka6 53. c6 (53. b4 {was called for.} axb4 54. Bxb4) 53... Rh4 54. c7 Rh8 55. Bf4 $2 (55. b4) 55... Rh3+ 56. Kc2 Kb7 57. Bd2 Rf3 58. Bxa5 Rxf2+ 59. Kb1 Re2 60. Bb6 g5 {[%cal Bg6g5,Bg5g4,Bg4g3,Bg3g2][%mdl 32]} 61. a5 Re8 {Black mates.} 62. Bc5 Kxc7 63. b4 Kc6 64. a6 g4 65. a7 g3 66. b5+ Kxb5 67. Bd6 g2 {[%mdl 32768] Precision: White = 30%, Black = 79%. . Loss on Time!?} 1-0

[Event "27th Kavala Open 2018"]
[Site "Kavala"]
[Date "2018.08.08"]
[Round "5"]
[White "Kanakaris, Georgios"]
[Black "Loutragotis, Dimitrios"]
[Result "1-0"]
[WhiteElo "2398"]
[BlackElo "2169"]
[Annotator "TA"]
[PlyCount "101"]
[EventDate "2018.08.06"]
[EventType "swiss"]
[EventCountry "GRE"]
[SourceTitle "playchess.com"]
[Source "ChessBase"]
[SourceQuality "1"]

{[%evp 15,101,18,18,12,15,17,14,34,21,17,49,40,65,48,65,56,78,16,89,78,80,64,224,222,225,224,224,222,235,237,233,214,214,208,206,183,212,221,209,199,196,157,233,233,286,231,248,0,286,255,277,248,247,237,265,242,267,266,263,256,296,285,357,356,481,469,472,466,484,499,674,639,661,650,618,612,861,858,856,856,837,821,1116,716,766,727,1020,701]} 1. d4 g6 2. g3 Bg7 3. Bg2 d6 4. Nf3 Nd7 5. O-O e5 6. dxe5 dxe5 7. e4 {A41: 1 d4 d6: Tartakower System and Modern Defence} Ngf6 8. Qe2 O-O {LiveBook: 5 Games} 9. Rd1 {The position is equal.} Re8 10. b3 {[%cal Bb2b3,Bb3b4][%mdl 32]} c6 (10... h6 11. a4 a5 12. Ba3 b6 13. Qe3 Bb7 14. Nc3 Qb8 {1-0 (66) Petrosian,T (2625)-Guseinov,G (2646) Minsk 2015}) 11. a4 Qc7 12. Nbd2 {[%cal Bb1d2,Bd2c4,Bc4b6][%mdl 32]} Nc5 $146 ({Predecessor:} 12... b6 13. Ba3 Bf8 14. Bxf8 Nxf8 {½-½ (44) Annaberdiyev,B (2234)-Ozen,B (2102) Malatya 2015}) 13. b4 Ne6 14. Bb2 $36 {[%mdl 2048] White has good play.} Nd7 15. Nc4 f6 16. Qd3 ({White should try} 16. Nd6 $16 Rd8 17. Bh3) 16... Ndf8 (16... Nb6 $11 {remains equal.}) 17. Qb3 Rd8 18. Rxd8 Nxd8 $2 {[#]} ({Black should play} 18... Qxd8 $14 19. Ne3 Qc7) 19. Nb6+ $1 $18 Be6 20. Nxa8 Qb8 21. Qd3 Qxa8 22. Nd2 Nf7 23. Rd1 Nd7 24. a5 Bf8 25. c3 Qc8 26. Nc4 b5 27. axb6 axb6 28. Qf1 Qa6 (28... b5 $16 {was worth a try.}) 29. Ne3 Qa2 30. Qe2 Qa8 31. Qf1 Qa2 32. Bc1 Bh6 33. h4 Nf8 34. Qd3 Nd7 35. Bf3 Nf8 36. Ng4 Bg7 37. Be3 f5 38. Nh2 Bc4 39. Qd2 Qa6 40. exf5 {White is clearly winning.} gxf5 41. Bxc6 e4 42. Bd5 Ng6 43. Bxf7+ Bxf7 44. Qd8+ Nf8 45. Bxb6 Bxc3 46. Bc5 {[%csl Gc5][%cal Rd8f8] [#]} Bg7 47. Qb8 Bc4 48. Rd8 {[%cal Rd8f8]} Qa1+ 49. Kg2 {[%cal Rd8f8]} Qf6 50. Bd4 Qc6 51. Rd6 {Precision: White = 74%, Black = 41%.} 1-0

[Event "27th Kavala Open 2018"]
[Site "Kavala"]
[Date "2018.08.08"]
[Round "5"]
[White "Charkhalashvili, Inga"]
[Black "Lin, Chen"]
[Result "0-1"]
[WhiteElo "2313"]
[BlackElo "2506"]
[Annotator "TA"]
[PlyCount "144"]
[EventDate "2018.08.06"]
[EventType "swiss"]
[EventCountry "GRE"]
[SourceTitle "playchess.com"]
[Source "ChessBase"]
[SourceQuality "1"]

{[%evp 13,144,12,19,0,0,0,0,0,16,-1,-5,-9,14,12,16,-22,-25,-19,-14,-23,-21,-50,-41,-35,-33,-85,-47,-50,-50,-135,-140,-190,-195,-186,-217,-214,-208,-202,-192,-256,-184,-175,-143,-131,-108,-109,-129,-127,-122,-179,-198,-170,-141,-135,-102,-103,-69,-97,-89,-81,-67,-147,-124,-129,-127,-129,-99,-119,-124,-111,-114,-114,-121,-120,-113,-124,-102,-116,-122,-202,-202,-202,-198,-190,-131,-112,-104,-187,-135,-222,-198,-310,-300,-280,-250,-257,-218,-326,-316,-313,-219,-207,-181,-176,-163,-212,-188,-379,-379,-373,-359,-359,-356,-397,-348,-856,-868,-1160,-1086,-1698,-1487,-29977,-29969,-29967,-29969,-29961,-29968,-29982,-7175,-5456,0,-29982,-29983]} 1. d4 d5 2. c4 c6 3. Nc3 Nf6 4. e3 a6 5. Nf3 Bf5 6. Qb3 Ra7 {D15: Slav Defence: 4 Nc3 a6 and gambit lines after 4 Nc3 dxc4} (6... b5 7. c5 a5 8. Be2 g6 9. O-O Bg7 10. Bd2 O-O 11. a3 Nbd7 12. Rfc1 Ne4 13. Qd1 Nxd2 14. Qxd2 {½-½ (56) Mamedyarov,S (2799)-Andreikin,D (2712) Huaian 2017}) 7. Be2 e6 {LiveBook: 6 Games} 8. Ne5 Nbd7 {The position is equal.} 9. O-O $146 ({Predecessor:} 9. f4 Nxe5 10. fxe5 Ne4 11. O-O Bg6 12. cxd5 exd5 13. Nxe4 Bxe4 {1-0 (28) Langheinrich,F (2385)-Uwira,O (2197) Germany 2016}) 9... Be7 10. f4 Ne4 11. Bf3 {[%cal Rc4d5]} Nxe5 12. fxe5 Ng5 13. Be2 Bg6 14. c5 O-O 15. Bd2 f6 16. exf6 Bxf6 17. Be1 e5 $1 {[%cal Re5d4]} 18. dxe5 Bxe5 19. Rxf8+ (19. Bh4 $15 Rxf1+ 20. Rxf1 Bxc3 21. Bxg5 (21. Qxc3 Nh3+ 22. gxh3 Qxh4 $15) 21... Qxg5 22. Qxc3) 19... Kxf8 20. Rd1 {[%cal Rc3d5]} Qe7 21. Bf2 ({White should try} 21. Nxd5 $15 cxd5 22. Bb4) 21... Ra8 $1 $17 (21... Qxc5 $6 22. e4 $11) 22. h4 Ne6 23. Na4 Kg8 24. Bd3 Bxd3 25. Qxd3 Rf8 {Threatens to win with ...Bh2+.} (25... Nxc5 26. Nxc5 Qxc5 27. e4 $17) 26. Qc2 (26. Qe2 $142) 26... Bf6 27. Bg3 Qd8 ({Much less strong is} 27... Bxh4 28. Bd6 $17) 28. Qf5 Re8 29. Qg4 Nf8 30. e4 h5 $1 {[%cal Rh5g4]} ({Don't do} 30... Rxe4 31. Qxe4 $1 {[%mdl 512]} dxe4 32. Rxd8 $15) 31. Qxh5 (31. Qf3 $17 Rxe4 32. Qxe4 dxe4 33. Rxd8 Bxd8 34. Kf2) 31... Rxe4 $19 32. Nc3 Bd4+ 33. Kh2 Bxc3 34. bxc3 Nh7 35. Rd4 Nf6 36. Qf5 Qe8 $1 37. Kh3 ({Better is} 37. Bc7 $15) 37... Re3 {And now ...Ne4 would win.} 38. Rd3 Rxd3 39. Qxd3 Qe4 40. Qf3 Qe6+ 41. Kh2 Ne4 42. Qf4 Nxc5 43. Qb4 Qe3 44. Bf4 Qf2 {Strongly threatening ...a5.} 45. Bg3 Qf8 $1 46. a4 (46. Qg4 $17 {was worth a try.}) 46... b5 $1 47. axb5 axb5 48. Qg4 Qe8 (48... Qf6 $19 49. Qh5 Ne4 50. Qe8+ Kh7 51. Qh5+ Qh6) 49. Bf2 $17 Qe5+ 50. Bg3 {[#]} (50. Kg1 $17 Qe6 51. Qf4) 50... Qe6 ({Inferior is} 50... Qxc3 51. Bd6 $11) (50... Qf6 $1 $19 51. Qc8+ Kh7) 51. Qh5 (51. Qxe6+ $17 Nxe6 52. Bd6) 51... Nd7 $19 52. Bf4 (52. Qg5 {was called for.}) 52... Nf6 53. Qf3 Qf5 54. Bd6 Qg6 55. Qf4 (55. Bf4 {is a better defense.}) 55... Qe4 56. Qg5 Qe6 57. Qf4 Kf7 58. Bc5 Qe4 59. Qc7+ Kg8 60. Qxc6 $2 (60. Qg3) 60... Qxh4+ 61. Kg1 Qe1+ 62. Kh2 Qxc3 {( -> ...Ng4+)} 63. Qe6+ Kh7 64. Bd6 $2 (64. Qf5+ g6 65. Qh3+ Qxh3+ 66. Kxh3) 64... Kg6 65. g4 Qc2+ 66. Kh3 Qe4 67. Qc8 Qh1+ 68. Bh2 Qf3+ 69. Kh4 d4 70. Be5 Qf2+ (70... Qh1+ $142 71. Kg3 Qe1+ 72. Kg2 Qxe5 73. Kf3 Qe3+ 74. Kg2 Qe2+ 75. Kg3 d3 76. Qf5+ Kf7 77. g5 {[#]} Qg4+ $1 {[%mdl 512]} 78. Qxg4 Nxg4 79. Kxg4 d2 80. Kf5 d1=Q 81. Kf4 Qd4+ 82. Kg3 b4 83. Kf3 g6 84. Ke2 b3 85. Ke1 b2 86. Ke2 b1=Q 87. Kf3 Qf1+ 88. Kg3 Qdf4#) 71. Bg3 Qf3 (71... Qf1 $19 72. Bd6 Qh1+ 73. Kg3 Ne4+ 74. Kf4 Nxd6 75. Qc2+ Kf6 76. g5+ Ke6 77. Qe2+ Kd7 78. Qg4+ Kc7) 72. Be5 $1 Qh1+ {Precision: White = 40%, Black = 80%.} 0-1

[Event "27th Kavala Open 2018"]
[Site "Kavala"]
[Date "2018.08.08"]
[Round "5"]
[White "Tsakiris, Haralambos"]
[Black "Mastrovasilis, Athanasios"]
[Result "1/2-1/2"]
[WhiteElo "2228"]
[BlackElo "2518"]
[Annotator "TA"]
[PlyCount "131"]
[EventDate "2018.08.06"]
[EventType "swiss"]
[EventCountry "GRE"]
[SourceTitle "playchess.com"]
[Source "ChessBase"]
[SourceQuality "1"]

{[%evp 19,131,-8,-3,-17,0,-7,0,0,0,0,0,0,0,0,0,0,-13,-37,0,-11,0,0,0,-81,0,0,0,0,0,0,-2,-11,-11,-10,0,-20,-19,-18,-9,-12,-14,-15,-15,-14,-12,-18,-11,-17,-17,-20,-6,-25,-18,-25,-20,-18,-21,-32,-20,-20,-20,-20,-8,-18,0,0,0,0,0,0,0,0,0,0,0,0,0,0,0,0,0,0,0,0,0,0,0,0,0,0,0,0,0,0,0,0,0,0,0,0,0,0,0,0,0,0,0,0,0,0,0,0,0,0]} 1. d4 Nf6 2. c4 e6 3. Nc3 Bb4 4. e3 O-O 5. Bd3 d5 6. Nf3 b6 7. O-O Bb7 8. Bd2 dxc4 9. Bxc4 Nbd7 10. Rc1 a6 {LiveBook: 3 Games. E52: Nimzo-Indian: Rubinstein: 4...0-0 5 Nf3 d5 6 Bd3 b6} 11. Qe2 b5 (11... c5 12. a3 cxd4 13. axb4 Bxf3 14. gxf3 dxc3 15. Bxc3 b5 16. Bb3 Nd5 17. Bxd5 Qg5+ 18. Kh1 Qxd5 {½-½ (47) Shaposhnikov,E (2572)-Gaifullin,A (2448) Samara 2018}) 12. Bd3 Bd6 13. e4 {[%cal Be3e4,Be4e5][%mdl 32] [#] And now e5 would win.} c5 14. e5 Bxf3 $1 15. gxf3 ({But not} 15. Qxf3 Bxe5 16. dxe5 Nxe5 $17) 15... cxd4 16. exd6 {Hoping for Ne4.} dxc3 17. Bxc3 Nd5 {aiming for ...Nf4.} 18. Qe4 {[%csl Gd3][%cal Re4h7]} N7f6 $146 ({Predecessor:} 18... g6 19. Rfd1 Rc8 20. Qd4 N7f6 21. Qe5 Nxc3 22. Rxc3 Nd7 23. Qd4 Qf6 24. Qxf6 Nxf6 {½-½ (24) Struzka,V (2215)-Kuehne,R (2247) ICCF email 2014}) 19. Qe5 Nxc3 20. Rxc3 Nd5 21. Rcc1 {[#]} (21. Rc5 $11) 21... Qd7 ({Better is} 21... Qb6 $1 $17 {With the idea ...Rfd8.} 22. Be4 Rad8 23. Bxd5 exd5) 22. Bf5 $11 Rad8 23. Qxd5 $1 exd5 24. Bxd7 Rxd7 {[%mdl 4096] Endgame KRR-KRR} 25. Rc6 Rfd8 26. Rxa6 Rxd6 27. Rxd6 Rxd6 {KR-KR} 28. Rc1 {White threatens Rc8+ and mate.} Kf8 29. Rc5 b4 30. Rb5 Ra6 31. Rxb4 Rxa2 32. Rb5 Ra1+ 33. Kg2 Rd1 34. f4 Rd3 35. Kf1 Rd4 36. f5 Ke7 37. Rb7+ Kf6 38. Rd7 h5 39. Kg2 {The position is equal.} Rd3 40. b4 d4 41. Kf1 Kxf5 42. Rxf7+ Ke4 43. Re7+ Kd5 44. Rxg7 Rb3 45. Ke2 Rxb4 46. Rd7+ Ke4 47. Re7+ Kd5 48. Rd7+ Ke5 49. Re7+ Kf6 50. Rh7 Rb2+ 51. Kf3 Kg5 52. Rd7 Rd2 53. Rd5+ Kh4 54. h3 d3 55. Kg2 Rd1 56. Kf3 Rh1 57. Kg2 Rd1 58. Kf3 Rg1 59. Rxd3 Kxh3 60. Kf4+ Kh2 61. Rg3 Rf1 62. Kg5 Rxf2 63. Ra3 Rg2+ 64. Kxh5 Rg3 65. Rxg3 Kxg3 66. Kg5 {Precision: White = 79%, Black = 66%.} 1/2-1/2